| 000 | 00946cam a2200289 i 4500 | ||
|---|---|---|---|
| 001 | 200442812 | ||
| 999 |
_c200442812 _d61024 |
||
| 003 | TR-AnTOB | ||
| 005 | 20240824073709.0 | ||
| 007 | ta | ||
| 008 | 210811s1975 fr b i000 0 fre d | ||
| 040 |
_aTR-AnTOB _beng _erda _cTR-AnTOB |
||
| 041 | 0 | _afre | |
| 050 | 1 |
_aHD5707 _b.O735 1975 |
|
| 090 |
_aTOBBK HD5707 _b.O735 1975 |
||
| 110 | 2 |
_aOrganisation for Economic Co-operation and Development _933753 |
|
| 245 | 1 | 0 |
_aAspects the oriques et empirques: _bdes effects de la fiscalite sur I'offre de main-d'oeuvre |
| 246 | 1 | _aDes effects de la fiscalite sur I'offre de main-d'oeuvre. | |
| 264 | 1 |
_aParis : _bOECD, _c1975. |
|
| 300 |
_a114 pages ; _b24 cm |
||
| 336 |
_atext _btxt _2rdacontent |
||
| 337 |
_aunmediated _bn _2rdamedia |
||
| 338 |
_avolume _bnc _2rdacarrier |
||
| 650 | 0 |
_aLabor supply _xEffect of taxation on _9130324 |
|
| 942 |
_2z _cBK |
||